Normal view
MARC view
- Hallmark, Clayton L
Entry Personal Name
001 - CONTROL NUMBER
- control field: 101723
003 - CONTROL NUMBER IDENTIFIER
- control field: NUST
005 - DATE AND TIME OF LATEST TRANSACTION
- control field: 20221028195438.0
008 - FIXED-LENGTH DATA ELEMENTS
- fixed length control field: 221028|| aca||aabn | a|a d
040 ## - CATALOGING SOURCE
- Original cataloging agency: NUST
- Transcribing agency: NUST
100 ## - HEADING--PERSONAL NAME
- Personal name: Hallmark, Clayton L
670 ## - SOURCE DATA FOUND
- Source citation: Work cat.: (NUST)180370: Hallmark, Clayton L., The master IC cookbook /, c1980.
